<?xml version="1.0" encoding="UTF-8"?>
<record
    xmlns:xsi="http://www.w3.org/2001/XMLSchema-instance"
    xsi:schemaLocation="http://www.loc.gov/MARC21/slim http://www.loc.gov/standards/marcxml/schema/MARC21slim.xsd"
    xmlns="http://www.loc.gov/MARC21/slim">

  <leader>00314nam a2200157Ia 4500</leader>
  <datafield tag="100" ind1=" " ind2=" ">
    <subfield code="a">Chandra sekar/ V </subfield>
  </datafield>
  <datafield tag="650" ind1=" " ind2=" ">
    <subfield code="a">Communication systems</subfield>
  </datafield>
  <datafield tag="942" ind1=" " ind2=" ">
    <subfield code="c">BK</subfield>
  </datafield>
  <datafield tag="366" ind1=" " ind2=" ">
    <subfield code="f">25</subfield>
  </datafield>
  <datafield tag="245" ind1=" " ind2=" ">
    <subfield code="a">Communication Systems</subfield>
  </datafield>
  <datafield tag="260" ind1=" " ind2=" ">
    <subfield code="b">Oxford</subfield>
    <subfield code="c">2012</subfield>
  </datafield>
  <datafield tag="082" ind1=" " ind2=" ">
    <subfield code="b">CHA</subfield>
  </datafield>
  <datafield tag="300" ind1=" " ind2=" ">
    <subfield code="a">923</subfield>
  </datafield>
  <datafield tag="546" ind1=" " ind2=" ">
    <subfield code="a">ENGLISH</subfield>
  </datafield>
  <datafield tag="999" ind1=" " ind2=" ">
    <subfield code="c">33616</subfield>
    <subfield code="d">33616</subfield>
  </datafield>
  <datafield tag="952" ind1=" " ind2=" ">
    <subfield code="0">0</subfield>
    <subfield code="1">0</subfield>
    <subfield code="4">0</subfield>
    <subfield code="7">0</subfield>
    <subfield code="8">CRC</subfield>
    <subfield code="a">CRCE</subfield>
    <subfield code="b">CRCE</subfield>
    <subfield code="d">2023-03-17</subfield>
    <subfield code="e">Allied Publisher</subfield>
    <subfield code="g">371.25</subfield>
    <subfield code="i">462 dt 01.08.2017</subfield>
    <subfield code="l">0</subfield>
    <subfield code="o"> CHA</subfield>
    <subfield code="p">24850</subfield>
    <subfield code="r">2023-03-17</subfield>
    <subfield code="v">495.00</subfield>
    <subfield code="w">0000-00-00</subfield>
    <subfield code="y">BK</subfield>
  </datafield>
  <datafield tag="952" ind1=" " ind2=" ">
    <subfield code="0">0</subfield>
    <subfield code="1">0</subfield>
    <subfield code="4">0</subfield>
    <subfield code="7">0</subfield>
    <subfield code="8">CRC</subfield>
    <subfield code="a">CRCE</subfield>
    <subfield code="b">CRCE</subfield>
    <subfield code="d">2023-03-17</subfield>
    <subfield code="e">Allied Publisher</subfield>
    <subfield code="g">371.25</subfield>
    <subfield code="i">462 dt 01.08.2017</subfield>
    <subfield code="l">0</subfield>
    <subfield code="o"> CHA</subfield>
    <subfield code="p">24851</subfield>
    <subfield code="r">2023-03-17</subfield>
    <subfield code="v">495.00</subfield>
    <subfield code="w">0000-00-00</subfield>
    <subfield code="y">BK</subfield>
  </datafield>
  <datafield tag="952" ind1=" " ind2=" ">
    <subfield code="0">0</subfield>
    <subfield code="1">0</subfield>
    <subfield code="4">0</subfield>
    <subfield code="7">0</subfield>
    <subfield code="8">CRC</subfield>
    <subfield code="a">CRCE</subfield>
    <subfield code="b">CRCE</subfield>
    <subfield code="d">2023-03-17</subfield>
    <subfield code="e">Allied Publisher</subfield>
    <subfield code="g">371.25</subfield>
    <subfield code="i">462 dt 01.08.2017</subfield>
    <subfield code="l">0</subfield>
    <subfield code="o"> CHA</subfield>
    <subfield code="p">24852</subfield>
    <subfield code="r">2023-03-17</subfield>
    <subfield code="v">495.00</subfield>
    <subfield code="w">0000-00-00</subfield>
    <subfield code="y">BK</subfield>
  </datafield>
  <datafield tag="952" ind1=" " ind2=" ">
    <subfield code="0">0</subfield>
    <subfield code="1">0</subfield>
    <subfield code="4">0</subfield>
    <subfield code="7">0</subfield>
    <subfield code="8">CRC</subfield>
    <subfield code="a">CRCE</subfield>
    <subfield code="b">CRCE</subfield>
    <subfield code="d">2023-03-17</subfield>
    <subfield code="e">Allied Publisher</subfield>
    <subfield code="g">371.25</subfield>
    <subfield code="i">462 dt 01.08.2017</subfield>
    <subfield code="l">0</subfield>
    <subfield code="o"> CHA</subfield>
    <subfield code="p">24853</subfield>
    <subfield code="r">2023-03-17</subfield>
    <subfield code="v">495.00</subfield>
    <subfield code="w">0000-00-00</subfield>
    <subfield code="y">BK</subfield>
  </datafield>
  <datafield tag="952" ind1=" " ind2=" ">
    <subfield code="0">0</subfield>
    <subfield code="1">0</subfield>
    <subfield code="4">0</subfield>
    <subfield code="7">0</subfield>
    <subfield code="8">CRC</subfield>
    <subfield code="a">CRCE</subfield>
    <subfield code="b">CRCE</subfield>
    <subfield code="d">2023-03-17</subfield>
    <subfield code="e">Allied Publisher</subfield>
    <subfield code="g">371.25</subfield>
    <subfield code="i">462 dt 01.08.2017</subfield>
    <subfield code="l">0</subfield>
    <subfield code="o"> CHA</subfield>
    <subfield code="p">24854</subfield>
    <subfield code="r">2023-03-17</subfield>
    <subfield code="v">495.00</subfield>
    <subfield code="w">0000-00-00</subfield>
    <subfield code="y">BK</subfield>
  </datafield>
  <datafield tag="952" ind1=" " ind2=" ">
    <subfield code="0">0</subfield>
    <subfield code="1">0</subfield>
    <subfield code="4">0</subfield>
    <subfield code="7">0</subfield>
    <subfield code="8">CRC</subfield>
    <subfield code="a">CRCE</subfield>
    <subfield code="b">CRCE</subfield>
    <subfield code="d">2023-03-17</subfield>
    <subfield code="e">Allied Publisher</subfield>
    <subfield code="g">371.25</subfield>
    <subfield code="i">462 dt 01.08.2017</subfield>
    <subfield code="l">0</subfield>
    <subfield code="o"> CHA</subfield>
    <subfield code="p">24855</subfield>
    <subfield code="r">2023-03-17</subfield>
    <subfield code="v">495.00</subfield>
    <subfield code="w">0000-00-00</subfield>
    <subfield code="y">BK</subfield>
  </datafield>
  <datafield tag="952" ind1=" " ind2=" ">
    <subfield code="0">0</subfield>
    <subfield code="1">0</subfield>
    <subfield code="4">0</subfield>
    <subfield code="7">0</subfield>
    <subfield code="8">CRC</subfield>
    <subfield code="a">CRCE</subfield>
    <subfield code="b">CRCE</subfield>
    <subfield code="d">2023-03-17</subfield>
    <subfield code="e">Allied Publisher</subfield>
    <subfield code="g">371.25</subfield>
    <subfield code="i">462 dt 01.08.2017</subfield>
    <subfield code="l">0</subfield>
    <subfield code="o"> CHA</subfield>
    <subfield code="p">24856</subfield>
    <subfield code="r">2023-03-17</subfield>
    <subfield code="v">495.00</subfield>
    <subfield code="w">0000-00-00</subfield>
    <subfield code="y">BK</subfield>
  </datafield>
  <datafield tag="952" ind1=" " ind2=" ">
    <subfield code="0">0</subfield>
    <subfield code="1">0</subfield>
    <subfield code="4">0</subfield>
    <subfield code="7">0</subfield>
    <subfield code="8">CRC</subfield>
    <subfield code="a">CRCE</subfield>
    <subfield code="b">CRCE</subfield>
    <subfield code="d">2023-03-17</subfield>
    <subfield code="e">Allied Publisher</subfield>
    <subfield code="g">371.25</subfield>
    <subfield code="i">462 dt 01.08.2017</subfield>
    <subfield code="l">0</subfield>
    <subfield code="o"> CHA</subfield>
    <subfield code="p">24857</subfield>
    <subfield code="r">2023-03-17</subfield>
    <subfield code="v">495.00</subfield>
    <subfield code="w">0000-00-00</subfield>
    <subfield code="y">BK</subfield>
  </datafield>
  <datafield tag="952" ind1=" " ind2=" ">
    <subfield code="0">0</subfield>
    <subfield code="1">0</subfield>
    <subfield code="4">0</subfield>
    <subfield code="7">0</subfield>
    <subfield code="8">CRC</subfield>
    <subfield code="a">CRCE</subfield>
    <subfield code="b">CRCE</subfield>
    <subfield code="d">2023-03-17</subfield>
    <subfield code="e">Allied Publisher</subfield>
    <subfield code="g">371.25</subfield>
    <subfield code="i">462 dt 01.08.2017</subfield>
    <subfield code="l">0</subfield>
    <subfield code="o"> CHA</subfield>
    <subfield code="p">24858</subfield>
    <subfield code="r">2023-03-17</subfield>
    <subfield code="v">495.00</subfield>
    <subfield code="w">0000-00-00</subfield>
    <subfield code="y">BK</subfield>
  </datafield>
  <datafield tag="952" ind1=" " ind2=" ">
    <subfield code="0">0</subfield>
    <subfield code="1">0</subfield>
    <subfield code="4">0</subfield>
    <subfield code="7">0</subfield>
    <subfield code="8">CRC</subfield>
    <subfield code="a">CRCE</subfield>
    <subfield code="b">428</subfield>
    <subfield code="d">2023-03-17</subfield>
    <subfield code="e">Allied Publisher</subfield>
    <subfield code="g">371.25</subfield>
    <subfield code="i">462 dt 01.08.2017</subfield>
    <subfield code="l">1</subfield>
    <subfield code="o"> CHA</subfield>
    <subfield code="p">24859</subfield>
    <subfield code="q">2026-03-20</subfield>
    <subfield code="r">2025-12-20</subfield>
    <subfield code="s">2025-12-20</subfield>
    <subfield code="v">495.00</subfield>
    <subfield code="w">0000-00-00</subfield>
    <subfield code="y">BK</subfield>
  </datafield>
</record>
